| 000 | 01310nam a2200229 a 4500 | ||
|---|---|---|---|
| 001 | 000841450 | ||
| 003 | AM-YeHGA | ||
| 005 | 20250617144843.0 | ||
| 008 | 111026s2011 ai r 000 0 arm d | ||
| 020 | _z978-9939-52-407-8 | ||
| 040 | _aAM-YeHGA | ||
| 041 | 0 | _aarm | |
| 245 | 0 | 0 |
_aՀայաստանի Հանրապետության պատերազմի և զինված ուժերի վետերանների կոմիտեի հիմնադրումը և գործունեությունը : _bՀամառոտ ակնարկ / _cԿազմ.՝ Պ. Պետրոսյան; Խմբ.՝ Ա. Քինակցյան; Հայաստանի Հանրապետության պատերազմի և զինված ուժերի վետերանների կոմիտե. |
| 260 |
_aԵրևան : _bԷդիթ պրինտ, _c2011. |
||
| 300 |
_a60 էջ : _bլուսանկ. ; _c21 սմ. |
||
| 650 | 1 | 4 |
_aԶինված ուժեր _zՀայաստանի Հանրապետություն |
| 653 | 1 | _aՊատերազմի և զինված ուժերի վետերաններ | |
| 700 | 1 |
_aՊետրոսյան, Պետրոս Արտաշեսի _eկազմ. _4com |
|
| 700 | 1 |
_aՔինակցյան, Արմեն _eխմբ. _4edt |
|
| 710 | 2 | _aՀայաստանի Հանրապետության պատերազմի և զինված ուժերի վետերանների կոմիտե | |
| 090 | _c303528 | ||
| 999 |
_c301829 _d301829 |
||